|
|
|
|
| LEADER |
01177nam a2200313 u 4500 |
| 001 |
10041389 |
| 003 |
upatras |
| 005 |
20210117195935.0 |
| 008 |
011015m1980 us eng |
| 040 |
|
|
|a GR-PaULI
|c GR-PaULI
|
| 041 |
0 |
|
|a eng
|
| 082 |
0 |
4 |
|a 530
|
| 100 |
1 |
|
|a Alonso, Marcelo,
|d 1921-
|9 4264
|
| 245 |
1 |
0 |
|a Fundamental university physics
|c Marcelo Alonso, Edward J. Finn
|
| 250 |
|
|
|a 2nd edition
|
| 260 |
|
|
|a Reading, Massachusetts
|b Addison-Wesley
|
| 300 |
|
|
|a 1 v.
|b fig., tab.
|c 24 cm.
|
| 504 |
|
|
|a Includes appendix and index
|
| 505 |
1 |
|
|a v.1. Mechanics and thermodynamics. - xiii, 538 p. - 1980.
|
| 650 |
|
4 |
|9 4173
|a Θερμοδυναμική
|
| 650 |
|
4 |
|9 245
|a Μηχανική
|
| 650 |
|
4 |
|9 2689
|a Φυσική
|
| 700 |
1 |
|
|a Finn, Edward J.
|9 4265
|
| 852 |
|
|
|a GR-PaULI
|b ΠΑΤΡΑ
|b ΒΚΠ
|b ΒΣ1
|k ΑΣΧΕ
|h 530 Α
|m 02470
|p 025000077899
|t 1
|3 τ.1
|
| 942 |
|
|
|2 ddc
|c BK15
|
| 952 |
|
|
|0 0
|1 0
|3 τ.1
|4 0
|6 530_000000000000000_Α
|7 0
|9 28851
|a LISP
|b LISP
|c BSC
|d 2016-04-24
|i 02470
|l 1
|o 530 Α
|p 025000077899
|r 2016-11-28 00:00:00
|s 2016-11-15
|t 1
|w 2016-04-24
|y BK15
|
| 998 |
|
|
|c ΣΑΚΕΛΛΑΡΗ
|d 2001-10
|
| 998 |
|
|
|c ΔΡΑΚΟΠΟΥΛΟΥ
|d 2001-10
|
| 999 |
|
|
|c 18380
|d 18380
|